La pícara Justina

Guardado en:
Bibliografiske detaljer
Hovedforfatter: López de Ubeda, Francisco
Format: Bog
Sprog:Undetermined
Udgivet: Barcelona, España Ediciones Zeus 1968
Fag:
Tags: Tilføj Tag
Ingen Tags, Vær først til at tagge denne postø!

MARC

LEADER 00000nam a2200000Ia 4500
008 170316s9999 xx 000 0 und d
040 |a cru BVZT 
090 |a 862 L-21p 
100 |a López de Ubeda, Francisco 
245 |a La pícara Justina 
260 |a Barcelona, España 
260 |b Ediciones Zeus 
260 |c 1968 
300 |a 344 páginas 
650 |a LITERATURA ESPAÑOLA 
999 |c 10068  |d 10068 
942 |c 15 D  |h 862 L-21p  |2 z